[Event "Moscow Open A 2015"]
[Site "Moscow RUS"]
[Date "2015.02.07"]
[Round "8.60"]
[White "Nozdrachev, Leonid"]
[Black "Rjabzev, Konstantin"]
[Result "0-1"]
[WhiteTitle "FM"]
[BlackTitle "IM"]
[WhiteElo "2413"]
[BlackElo "2312"]
[WhiteFideId "24113433"]
[BlackFideId "4150015"]
[EventDate "2015.01.31"]

1. e4 e5 2. Nf3 Nc6 3. Bb5 a6 4. Ba4 Nge7 5. c3 g6 6. d4 exd4 7. Bg5 Bg7 8. cxd4
b5 9. Bb3 h6 10. Bh4 d6 11. Nc3 g5 12. d5 Na5 13. Bg3 Bg4 14. h3 Bh5 15. Qd3
Nxb3 16. axb3 O-O 17. Nd4 b4 18. Nd1 c5 19. dxc6 Qb6 20. Nc2 d5 21. exd5 Bg6 22.
Qc4 Nf5 23. Bh2 Rfe8+ 24. Nce3 Bxb2 25. Nxb2 Nxe3 26. fxe3 Qxe3+ 27. Kf1 Bh5 28.
g4 Qxh3+ 29. Kg1 Qe3+ 30. Kg2 Qd2+ 31. Kh3 f5 32. gxh5 Re3+ 33. Bg3 g4+ 34. Kh4
Qxb2 35. Qxg4+ fxg4 36. Bf4 Qf2+ 37. Kxg4 Qf3+ 0-1

[Event "Moscow Open A 2015"]
[Site "Moscow RUS"]
[Date "2015.02.07"]
[Round "8.61"]
[White "Ali, Muhammad Lutfi"]
[Black "Semiev, Suhrab"]
[Result "0-1"]
[WhiteTitle "FM"]
[BlackTitle "IM"]
[WhiteElo "2404"]
[BlackElo "2310"]
[WhiteFideId "7103743"]
[BlackFideId "14000865"]
[EventDate "2015.01.31"]

1. e4 g6 2. d4 Bg7 3. Nf3 c6 4. Nbd2 d5 5. c3 Nh6 6. Bd3 O-O 7. O-O dxe4 8. Nxe4
Nd7 9. Re1 Nf5 10. Bg5 Nf6 11. Qe2 h6 12. Bf4 Nd5 13. Bd2 Qc7 14. Ng3 e6 15. Ne5
b6 16. Nxf5 exf5 17. Qf3 Bb7 18. c4 Nf6 19. Rad1 Rad8 20. Bf4 Qc8 21. Bc2 Rfe8
22. Bb3 c5 23. d5 g5 24. Bc1 Nxd5 25. cxd5 Rxe5 26. Rxe5 Bxe5 27. Bc2 f4 28. Qe4
Bg7 29. h4 Kf8 30. b4 Re8 31. Qc4 Ba6 32. b5 Bb7 33. Bd2 Qg4 34. Bc3 Be5 35. f3
Qg3 36. Be4 Bc8 37. Be1 Bd4+ 38. Kf1 Qh2 39. Rxd4 f5 40. Qc3 Qh1+ 41. Kf2 g4 42.
Rd2 Kf7 43. d6 fxe4 44. d7 Qxh4+ 45. Ke2 exf3+ 46. Kd1 Qxe1+ 47. Kc2 Qe4+ 48.
Kc1 Bxd7 49. Rxd7+ Re7 50. Rxe7+ Qxe7 51. Qh8 fxg2 52. Qh7+ Kf6 53. Qxh6+ Kf5
54. Qh5+ Qg5 55. Qf7+ Qf6 56. Qh7+ Kg5 0-1

[Event "Moscow Open A 2015"]
[Site "Moscow RUS"]
[Date "2015.02.07"]
[Round "8.62"]
[White "Zhurikhin, Alexander"]
[Black "Tillyaev, Ulugbek"]
[Result "1-0"]
[WhiteTitle "FM"]
[BlackTitle "FM"]
[WhiteElo "2314"]
[BlackElo "2404"]
[WhiteFideId "4139569"]
[BlackFideId "14202441"]
[EventDate "2015.01.31"]

1. e4 Nf6 2. e5 Nd5 3. d4 d6 4. c4 Nb6 5. exd6 cxd6 6. Nc3 g6 7. Be3 Bg7 8. Rc1
O-O 9. b3 a5 10. Be2 a4 11. Nf3 Bg4 12. h3 Bxf3 13. Bxf3 Nc6 14. O-O axb3 15.
axb3 Ra3 16. Nb5 Ra2 17. Re1 h6 18. h4 Rb2 19. h5 g5 20. Ra1 Nb4 21. Bc1 Ra2 22.
Rxa2 Nxa2 23. Ba3 Qa8 24. Qd2 e6 25. Qxa2 Rd8 26. Re2 Qb8 27. Bb4 Nc8 28. Qa5
Rd7 29. Ra2 1-0

[Event "Moscow Open A 2015"]
[Site "Moscow RUS"]
[Date "2015.02.07"]
[Round "8.63"]
[White "Tologontegin, Semetey"]
[Black "Natacheev, Peter"]
[Result "1-0"]
[WhiteTitle "FM"]
[BlackTitle "FM"]
[WhiteElo "2404"]
[BlackElo "2308"]
[WhiteFideId "13800574"]
[BlackFideId "4191854"]
[EventDate "2015.01.31"]

1. d4 d5 2. Bf4 Nf6 3. e3 c6 4. c4 Bf5 5. Nc3 e6 6. Qb3 Qb6 7. c5 Qxb3 8. axb3
Nbd7 9. h3 a6 10. b4 Rc8 11. Nf3 h6 12. Nd2 Be7 13. Nb3 Bd8 14. Na5 Bxa5 15.
bxa5 O-O 16. Bd6 Rfd8 17. Ra4 b5 18. axb6 Nxb6 19. Rxa6 Nc4 20. Bxc4 dxc4 21.
Kd2 Ra8 22. Rha1 Rxa6 23. Rxa6 Rc8 24. f3 Bd3 25. h4 Nd5 26. Nxd5 exd5 27. g4 h5
28. b4 Bf1 29. Kc3 hxg4 30. fxg4 Bh3 31. Rxc6 Rxc6 32. b5 Bxg4 33. bxc6 f6 34.
e4 dxe4 35. d5 Kf7 36. Bf4 Ke7 37. Kxc4 Kd8 38. Kd4 Bf3 39. Bd2 e3 40. Bxe3 Kc8
41. Bf4 g5 42. Bh2 gxh4 43. c7 f5 44. Bf4 h3 45. c6 h2 46. Bxh2 f4 47. Kc5 Kxc7
48. d6+ Kd8 49. d7 Bg4 50. Kd6 Bxd7 51. cxd7 f3 52. Bf4 f2 53. Bg5# 1-0

[Event "Moscow Open A 2015"]
[Site "Moscow RUS"]
[Date "2015.02.07"]
[Round "8.64"]
[White "Tsydypov, Zhamsaran"]
[Black "Mirzaev, Aziz"]
[Result "0-1"]
[WhiteTitle "FM"]
[BlackTitle "FM"]
[WhiteElo "2398"]
[BlackElo "2268"]
[WhiteFideId "4108566"]
[BlackFideId "4116224"]
[EventDate "2015.01.31"]

1. e4 c5 2. Nf3 d6 3. d4 cxd4 4. Nxd4 Nf6 5. Nc3 a6 6. Be3 e5 7. Nb3 Be7 8. Qd2
Be6 9. O-O-O Nbd7 10. f3 h5 11. Rg1 b5 12. Nd5 Bxd5 13. exd5 Nb6 14. Na5 Nbxd5
15. Nc6 Qc7 16. Nxe7 Nxe3 17. Qxe3 Kxe7 18. Bd3 h4 19. Bf5 Rh5 20. Bh3 Kf8 21.
Qa3 Qc5 22. Qxc5 dxc5 23. Rge1 Ke7 24. Re3 c4 25. Rde1 Kd6 26. b3 Nd5 27. R3e2 0-1

[Event "Moscow Open A 2015"]
[Site "Moscow RUS"]
[Date "2015.02.07"]
[Round "8.65"]
[White "Popov, Kirill"]
[Black "Svetlov, Dmitry"]
[Result "0-1"]
[WhiteTitle "FM"]
[BlackTitle "FM"]
[WhiteElo "2313"]
[BlackElo "2396"]
[WhiteFideId "24157457"]
[BlackFideId "24102610"]
[EventDate "2015.01.31"]

1. e4 e6 2. d4 d5 3. Nc3 Bb4 4. e5 c5 5. a3 Bxc3+ 6. bxc3 Ne7 7. Qg4 O-O 8. Bd3
f5 9. exf6 Rxf6 10. Bg5 Rf7 11. Qh4 h6 12. Nf3 Nbc6 13. Qh5 Qa5 14. Bd2 Bd7 15.
c4 Qa4 16. cxd5 exd5 17. O-O Raf8 18. c3 cxd4 19. cxd4 Rxf3 20. gxf3 Qxd4 0-1

[Event "Moscow Open A 2015"]
[Site "Moscow RUS"]
[Date "2015.02.07"]
[Round "8.66"]
[White "Kuprijanov, Anatoly"]
[Black "Gevorgyan, David"]
[Result "0-1"]
[WhiteElo "2248"]
[BlackElo "2395"]
[WhiteFideId "24141143"]
[BlackFideId "13303244"]
[EventDate "2015.01.31"]

1. Nf3 Nf6 2. c4 b6 3. d4 Bb7 4. Nc3 e6 5. a3 Be7 6. d5 O-O 7. e4 d6 8. dxe6
fxe6 9. Bd3 Nbd7 10. Ng5 Nc5 11. b4 Nxd3+ 12. Qxd3 Qc8 13. Qh3 e5 14. Qe6+ Qxe6
15. Nxe6 Rfc8 16. f3 h6 17. Nb5 Ne8 18. f4 Bxe4 19. fxe5 dxe5 20. Nc3 Bd3 21.
Nd5 Kf7 22. Nxg7 Nxg7 23. Bxh6 Nf5 24. Nxe7 Kxe7 25. Bg5+ Ke6 26. c5 bxc5 27.
bxc5 Rab8 28. g4 Nd4 29. Kf2 e4 30. Kg3 Rf8 31. Rad1 Rf3+ 32. Kg2 Rb2+ 33. Rd2
Rxd2+ 34. Bxd2 e3 35. Re1 Rf2+ 36. Kg3 Ne2+ 0-1

[Event "Moscow Open A 2015"]
[Site "Moscow RUS"]
[Date "2015.02.07"]
[Round "8.67"]
[White "Miroshnichenko, Pavel"]
[Black "Ozolin, Maxim"]
[Result "1-0"]
[BlackTitle "IM"]
[WhiteElo "2245"]
[BlackElo "2394"]
[WhiteFideId "4188659"]
[BlackFideId "4133340"]
[EventDate "2015.01.31"]

1. e4 c5 2. Nf3 e6 3. d4 cxd4 4. Nxd4 a6 5. Bd3 Bc5 6. Nb3 Ba7 7. Qe2 Nc6 8. Be3
d6 9. O-O Bxe3 10. Qxe3 Nf6 11. c4 e5 12. Nc3 Be6 13. Nd5 Nd7 14. f4 exf4 15.
Rxf4 Nde5 16. Raf1 Ng6 17. R4f2 O-O 18. Nd4 Nxd4 19. Qxd4 Qg5 20. Qb6 Ne5 21.
Be2 Bxd5 22. exd5 Qd8 23. Qd4 b6 24. b4 a5 25. c5 axb4 26. c6 Rxa2 27. Qxb4 Ra5
28. Rd1 Rc5 29. Bf1 b5 30. Qd4 f5 31. h3 Qf6 32. Rb2 f4 33. Rxb5 Qg5 34. Qf2 Rc3
35. Kh1 Qh5 36. Rdb1 Qe8 37. Qa7 Nxc6 38. dxc6 Qxc6 39. Rb8 Rxh3+ 40. Kg1 Re3
41. R1b7 1-0

[Event "Moscow Open A 2015"]
[Site "Moscow RUS"]
[Date "2015.02.07"]
[Round "8.68"]
[White "Klukin, Kirill"]
[Black "Akhmetov, Ayan"]
[Result "1-0"]
[BlackTitle "IM"]
[WhiteElo "2225"]
[BlackElo "2376"]
[WhiteFideId "24199273"]
[BlackFideId "13703706"]
[EventDate "2015.01.31"]

1. d4 Nf6 2. Nf3 e6 3. g3 b5 4. Bg2 Bb7 5. O-O Be7 6. b3 b4 7. Bb2 O-O 8. Nbd2
d5 9. Ne5 Nbd7 10. c4 bxc3 11. Bxc3 c5 12. Nxd7 Nxd7 13. dxc5 Nxc5 14. b4 Nd7
15. Nb3 Rc8 16. Rc1 Nb6 17. Nc5 Bxc5 18. bxc5 Nd7 19. Qa4 Bc6 20. Qa3 Qc7 21.
Rfd1 Rb8 22. Ba1 Rb5 23. Qc3 f6 24. Qe3 Kf7 25. Qd3 g6 26. Qd4 Rfb8 27. Qh4 h5
28. g4 Qf4 29. h3 Ne5 30. Bd4 Qh6 31. g5 Qh8 32. Qg3 Nd7 33. Qd6 Rc8 34. e4 Qf8
35. exd5 Qxd6 36. cxd6 exd5 37. Rc2 Ke6 38. Rdc1 Kxd6 39. gxf6 Ra5 40. f7 Ra4
41. Bc5+ Nxc5 42. Rxc5 Rf4 43. Bxd5 Bxd5 44. Rxc8 Bxf7 45. Rd1+ Ke5 46. Rc5+ Kf6
47. Ra5 Be6 48. Kg2 Bf5 49. Rxa7 Kg5 50. Ra3 Kh4 51. Re3 Be4+ 52. Kg1 Bf5 53.
Rd6 g5 54. Rf6 g4 55. Re5 1-0

[Event "Moscow Open A 2015"]
[Site "Moscow RUS"]
[Date "2015.02.07"]
[Round "8.69"]
[White "Faizrakhmanov, Ramil"]
[Black "Sattarov, Bobir"]
[Result "1-0"]
[WhiteTitle "FM"]
[WhiteElo "2371"]
[BlackElo "2243"]
[WhiteFideId "24103209"]
[BlackFideId "14203081"]
[EventDate "2015.01.31"]

1. d4 Nf6 2. c4 g6 3. Nc3 Bg7 4. e4 d6 5. Be2 O-O 6. Bg5 c5 7. d5 h6 8. Be3 e6
9. dxe6 Bxe6 10. h3 Qa5 11. Qd2 Nc6 12. Nf3 Nd4 13. Bxd4 cxd4 14. Nb5 Qb6 15.
Qxd4 Qxd4 16. Nbxd4 Nxe4 17. O-O Bd7 18. Rac1 Rfe8 19. Rfd1 a5 20. Bd3 Nc5 21.
Bf1 Re7 22. Rc2 Rae8 23. Nb5 Bf5 24. Rcd2 Ne4 25. Re2 Ng5 26. Rxe7 Nxf3+ 27.
gxf3 Rxe7 28. b3 Bf8 29. Kg2 Re8 30. Bd3 Bd7 31. Nc3 f5 32. Nd5 Kg7 33. h4 h5
34. Nf4 Bc6 35. Kg3 Kf6 36. Nh3 Bh6 37. Bf1 Rd8 38. Nf4 Bf8 39. a3 Re8 40. b4
axb4 41. axb4 b6 42. Ra1 Ra8 43. Re1 Ra3 44. Bg2 Be4 45. Kh2 Bxf3 46. Bxf3 Rxf3
47. Nd5+ Kf7 48. Kg2 Rb3 49. b5 Rb2 50. Nxb6 Bg7 51. Nc8 Be5 52. c5 Kf6 53. c6
Rxb5 54. c7 Bc3 55. Nxd6 Rc5 56. Rc1 Rxc7 57. Ne8+ 1-0

[Event "Moscow Open A 2015"]
[Site "Moscow RUS"]
[Date "2015.02.07"]
[Round "8.70"]
[White "Kardashevskiy, Evgeny"]
[Black "Mirzoev, Emil"]
[Result "1/2-1/2"]
[WhiteElo "2236"]
[BlackElo "2362"]
[WhiteFideId "24108138"]
[BlackFideId "14108640"]
[EventDate "2015.01.31"]

1. d4 Nf6 2. c4 d6 3. Nf3 g6 4. Nc3 Bg7 5. Bg5 O-O 6. e3 Nc6 7. Be2 h6 8. Bh4 e6
9. O-O Ne7 10. b4 g5 11. Bg3 Nh5 12. Qc2 f5 13. Rad1 Ng6 14. Nd2 Nxg3 15. hxg3
a6 16. c5 d5 17. f4 Bd7 18. Nf3 Be8 19. Rd2 Qe7 20. Kf2 g4 21. Ne5 Bxe5 22. dxe5
Kg7 23. Bd3 h5 24. Rh1 Rh8 25. Rdd1 a5 26. a3 axb4 27. axb4 h4 28. gxh4 g3+ 29.
Kxg3 d4 30. h5 dxc3 31. hxg6 Ba4 32. Rxh8 Bxc2 33. Rh7+ Kxg6 34. Rxe7 Bxd1 35.
Rxe6+ Kf7 36. Rf6+ Ke7 37. Bxf5 c2 38. Re6+ Kf7 39. Rf6+ Kg7 40. Bxc2 Bxc2 41.
Kh4 Ra4 42. g4 Rxb4 43. g5 b5 44. cxb6 Rxb6 45. Rxb6 cxb6 46. Kg3 b5 47. Kf2 1/2-1/2

[Event "Moscow Open A 2015"]
[Site "Moscow RUS"]
[Date "2015.02.07"]
[Round "8.71"]
[White "Komissarov, Alexey"]
[Black "Kotenko, Pavel"]
[Result "1/2-1/2"]
[BlackTitle "IM"]
[WhiteElo "2205"]
[BlackElo "2359"]
[WhiteFideId "4176545"]
[BlackFideId "4130219"]
[EventDate "2015.01.31"]

1. d4 Nf6 2. c4 g6 3. Nc3 Bg7 4. g3 d5 5. Bg2 dxc4 6. Qa4+ Nfd7 7. Be3 O-O 8.
Qxc4 Nb6 9. Qd3 Nc6 10. Nf3 e5 11. Nxe5 Nxe5 12. dxe5 Qxd3 13. exd3 Bxe5 14.
O-O-O c6 15. Rhe1 Bf5 16. Bh6 Rfe8 17. Ne4 Nd5 18. h3 Rad8 19. d4 Bg7 20. Bg5 f6
21. Bd2 Bxe4 22. Bxe4 f5 23. Bxd5+ cxd5 24. Bc3 Kf7 25. Kc2 h5 26. f3 Bf6 27.
Kd3 Rxe1 28. Rxe1 Re8 29. Rxe8 Kxe8 30. g4 fxg4 31. fxg4 Kd7 32. Bd2 Kc6 33. Bc1
Kd6 34. Bf4+ Ke6 35. Bb8 a6 36. Bf4 Bh4 37. Ke2 Bf6 38. Kd3 Bg7 1/2-1/2

[Event "Moscow Open A 2015"]
[Site "Moscow RUS"]
[Date "2015.02.07"]
[Round "8.72"]
[White "Litvinov, Maxim"]
[Black "Smirnov, Timofey"]
[Result "1-0"]
[WhiteElo "2192"]
[BlackElo "2358"]
[WhiteFideId "24157449"]
[BlackFideId "24176427"]
[EventDate "2015.01.31"]

1. e4 e5 2. Nf3 Nc6 3. Bb5 a6 4. Ba4 Nf6 5. O-O b5 6. Bb3 Be7 7. Re1 d6 8. c3
O-O 9. h3 Nb8 10. d4 Nbd7 11. Nbd2 Bb7 12. Bc2 Re8 13. Nf1 Bf8 14. Ng3 g6 15. a4
c6 16. Bg5 Qc7 17. Qd2 c5 18. d5 c4 19. Nh2 Bg7 20. Rf1 Kh8 21. f4 Ng8 22. f5
Ndf6 23. Be3 h6 24. h4 h5 25. Bd1 Rab8 26. Be2 Bc8 27. axb5 axb5 28. Ra7 Rb7 29.
Ra6 Rb8 30. Ra3 Bd7 31. Nf3 Re7 32. Ng5 Qc8 33. Ra7 Ra8 34. Rfa1 Rxa7 35. Rxa7
Be8 36. Ra1 Bd7 37. Rf1 Qe8 38. Bd1 Bc8 39. Kh1 Nh6 40. Nh3 Nhg4 41. Bxg4 Nxg4
42. Ra1 Bb7 1-0

[Event "Moscow Open A 2015"]
[Site "Moscow RUS"]
[Date "2015.02.07"]
[Round "8.73"]
[White "Kalinin, Nikita"]
[Black "Shtembuliak, Evgeny"]
[Result "0-1"]
[BlackTitle "FM"]
[WhiteElo "2139"]
[BlackElo "2352"]
[WhiteFideId "24155390"]
[BlackFideId "14113325"]
[EventDate "2015.01.31"]

1. b3 Nf6 2. Bb2 g6 3. Bxf6 exf6 4. c4 d5 5. cxd5 Qxd5 6. Nc3 Qa5 7. a3 c5 8. g3
Bg7 9. Bg2 O-O 10. Nd5 Qd8 11. h4 Nc6 12. Nh3 Bxh3 13. Rxh3 h5 14. e4 Qd7 15.
Rc1 f5 16. d3 Rac8 17. Kf1 Rfe8 18. Rh1 Ne7 19. Rc2 Nxd5 20. exd5 Bd4 21. Bf3
Re5 22. Re2 Rce8 23. Rxe5 Bxe5 24. Kg2 f4 25. gxf4 Bxf4 26. d4 Bd6 27. dxc5 Bxc5
28. b4 Bd6 29. Re1 Rc8 30. Qd4 b5 31. Re4 Qf5 32. Qe3 Kh7 33. Qg5 Qxg5+ 34. hxg5
Kg7 35. Be2 a6 36. f4 Rc3 37. a4 bxa4 38. Bxa6 a3 39. Re2 Bxb4 0-1

[Event "Moscow Open A 2015"]
[Site "Moscow RUS"]
[Date "2015.02.07"]
[Round "8.74"]
[White "Lkhamsuren, Uuganbayar"]
[Black "Kutuzov, Denis"]
[Result "1/2-1/2"]
[WhiteTitle "WFM"]
[WhiteElo "2106"]
[BlackElo "2336"]
[WhiteFideId "4901347"]
[BlackFideId "4133617"]
[EventDate "2015.01.31"]

1. d4 b5 2. e4 a6 3. Nf3 Bb7 4. Bd3 Nf6 5. Nbd2 e6 6. a4 c5 7. c3 cxd4 8. cxd4
Nc6 9. axb5 Nb4 10. Bb1 axb5 11. Rxa8 Qxa8 12. Qe2 Be7 13. O-O O-O 14. e5 Nfd5
15. Ne4 f5 16. exf6 gxf6 17. Bh6 Rf7 18. Rc1 Bc6 19. Nc5 Kh8 20. Nxe6 dxe6 21.
Qxe6 Qe8 22. Rxc6 Nxc6 23. Qxd5 Bf8 24. Ba2 Nd8 25. Be3 Rg7 26. Nh4 Nc6 27. Qxb5
Qe4 28. Qd5 Qxd5 29. Bxd5 Ra7 30. g3 Nb4 31. Bc4 Ra1+ 32. Kg2 Rb1 33. b3 Nc2 34.
Kf3 Na1 35. Nf5 Nxb3 36. d5 Nc5 37. Bd4 Nd7 38. Ke4 Rb4 39. Kd3 Nc5+ 40. Bxc5
Bxc5 41. f4 Rb1 42. h4 h5 43. Ba6 Rb8 44. Kc4 Bf8 45. Bb5 Kh7 46. Nd4 Kg6 47.
Bc6 Rb4+ 48. Kd3 Kf7 49. Bd7 Ke7 50. Be6 Kd6 51. Bf7 Ra4 52. Nf5+ Kc5 53. Ne3
Ra3+ 54. Ke4 Ra4+ 55. Kd3 Ra3+ 56. Ke4 Ra4+ 57. Kd3 Ra3+ 1/2-1/2

[Event "Moscow Open A 2015"]
[Site "Moscow RUS"]
[Date "2015.02.07"]
[Round "8.75"]
[White "Kholopov, Alexander A."]
[Black "Bulavin, Alexander"]
[Result "1-0"]
[WhiteTitle "FM"]
[WhiteElo "2334"]
[BlackElo "2221"]
[WhiteFideId "4148100"]
[BlackFideId "4178033"]
[EventDate "2015.01.31"]

1. d4 Nf6 2. c4 d6 3. Nc3 e5 4. Nf3 Nbd7 5. e4 Be7 6. Be2 O-O 7. O-O Re8 8. Re1
Bf8 9. Bf1 c6 10. h3 a6 11. d5 cxd5 12. cxd5 b5 13. a3 Nb6 14. Be3 Bd7 15. Nd2
Qb8 16. Rc1 Rc8 17. Bd3 Be8 18. Qe2 Be7 19. Na2 Bd8 20. Nb4 Qb7 21. b3 Rxc1 22.
Rxc1 Rc8 23. Ra1 a5 24. Na2 Na8 25. a4 Nc7 26. Rb1 Ra8 27. Nc3 b4 28. Nd1 Na6
29. Nc4 Be7 30. f4 exf4 31. Bxf4 Nd7 32. Nde3 Ne5 33. Nf5 f6 34. Kh1 Nc5 35.
Ncxd6 Bxd6 36. Nxd6 Qc7 37. Bxe5 fxe5 38. Nc4 Rc8 39. Bc2 Nxa4 40. d6 Nc3 41.
dxc7 Nxe2 42. Bd3 Nc3 43. Nd6 Rxc7 44. Re1 Bg6 45. Bc4+ Rxc4 46. Nxc4 Nxe4 47.
Ra1 Nc5 48. Rxa5 Nxb3 49. Ra8+ Kf7 50. Nxe5+ Kf6 51. Nxg6 Kxg6 52. Rb8 Nc5 53.
Rxb4 Nd7 54. Kh2 Nf6 55. Kg3 Nh5+ 56. Kf3 Nf6 57. Rb5 h5 58. Kf4 Nh7 59. Rb6+
Nf6 60. h4 Kh7 61. Kg5 Nd5 62. Rd6 Ne3 63. g3 Nc4 64. Ra6 Ne5 65. Kxh5 g6+ 66.
Kg5 1-0

[Event "Moscow Open A 2015"]
[Site "Moscow RUS"]
[Date "2015.02.07"]
[Round "8.76"]
[White "Demin, Alexandr"]
[Black "Bikuzhin, Maksim"]
[Result "0-1"]
[WhiteTitle "IM"]
[WhiteElo "2410"]
[BlackElo "2241"]
[WhiteFideId "4152921"]
[BlackFideId "24128015"]
[EventDate "2015.01.31"]

1. d4 Nf6 2. c4 e6 3. Nf3 d5 4. Bg5 Be7 5. Nc3 h6 6. Bxf6 Bxf6 7. e3 c6 8. cxd5
cxd5 9. Be2 Nc6 10. O-O O-O 11. Qd2 b6 12. Rfb1 Bb7 13. b4 Rc8 14. a3 e5 15. h3
e4 16. Nh2 Bg5 17. Bd1 Ne7 18. g3 f5 19. Rc1 Qd7 20. Be2 g6 21. b5 h5 22. Na2 h4
23. Rxc8 Rxc8 24. Kg2 hxg3 25. fxg3 Qd6 26. Qb2 Bxe3 27. Nf1 Bh6 28. Nb4 Rf8 29.
Re1 Bc8 30. Bd1 f4 31. gxf4 Qxf4 32. Qa2 Qh4 33. Nxd5 Bxh3+ 34. Kg1 Qxe1 35.
Nxe7+ Kh7 0-1

[Event "Moscow Open A 2015"]
[Site "Moscow RUS"]
[Date "2015.02.07"]
[Round "8.77"]
[White "Sadykov, Ramil"]
[Black "Naghdiyev, Niyazi"]
[Result "1/2-1/2"]
[WhiteTitle "FM"]
[WhiteElo "2403"]
[BlackElo "2266"]
[WhiteFideId "24113590"]
[BlackFideId "13405519"]
[EventDate "2015.01.31"]

1. e4 c6 2. d4 d5 3. e5 Bf5 4. Nc3 e6 5. g4 Bg6 6. Nge2 c5 7. h4 h5 8. Nf4 Bh7
9. g5 cxd4 10. Nb5 Be4 11. Rh3 g6 12. Rb3 a6 13. Nxd4 Qc7 14. Bh3 Nc6 15. Be3
Nxd4 16. Qxd4 Ne7 17. Qa4+ Nc6 18. Rc1 Qa5+ 19. Qxa5 Nxa5 20. Bd4 Nxb3 21. axb3
Rc8 22. c3 Bc5 23. Bxc5 Rxc5 24. b4 Rc7 25. Ne2 Bd3 26. Nd4 Ke7 27. Kd2 Bb5 28.
Bg2 Rhc8 29. Ra1 Kd7 30. Bf3 Rd8 31. Bd1 Rcc8 1/2-1/2

[Event "Moscow Open A 2015"]
[Site "Moscow RUS"]
[Date "2015.02.07"]
[Round "8.78"]
[White "Aliyev, Rasim"]
[Black "Mu, Ke"]
[Result "0-1"]
[WhiteElo "2257"]
[BlackElo "2401"]
[WhiteFideId "13401084"]
[BlackFideId "8602778"]
[EventDate "2015.01.31"]

1. e4 e6 2. d4 d5 3. e5 c5 4. c3 Nc6 5. Nf3 Qb6 6. Bd3 cxd4 7. cxd4 Bd7 8. O-O
Nxd4 9. Nxd4 Qxd4 10. Nc3 a6 11. Qe2 Ne7 12. Kh1 Nc6 13. f4 Nb4 14. Rd1 Bc5 15.
Bxa6 Qf2 16. Qxf2 Bxf2 17. Bb5 Bc6 18. a3 Nc2 19. Ra2 Ne3 20. Rd2 Bh4 21. Rd3
Nf5 22. g4 Nh6 23. h3 Bf2 24. Kg2 Bb6 25. Kf3 Ng8 26. Be3 Bxe3 27. Kxe3 h5 28.
g5 Ne7 29. a4 O-O 30. Ke2 Rfc8 31. b3 Ng6 32. Kf3 Bxb5 33. Nxb5 Rc1 34. Nd6 b6
35. Rf2 Ra7 36. Ke3 Rac7 37. Nb5 R7c5 38. Rdd2 Rh1 39. Rh2 Rcc1 40. Rc2 Rxh2 41.
Rxh2 Re1+ 42. Kd2 Re4 43. Nd6 Rxf4 44. Re2 Rf3 45. Re3 Rxe3 46. Kxe3 Nxe5 47.
Nc8 Nd7 48. Kd4 Kf8 49. b4 Ke8 50. Nd6+ Ke7 51. Nc8+ Kd8 52. Nd6 f6 53. g6 Ne5
54. b5 Kd7 55. Nf7 Nxg6 56. a5 bxa5 57. Kc5 0-1

[Event "Moscow Open A 2015"]
[Site "Moscow RUS"]
[Date "2015.02.07"]
[Round "8.79"]
[White "Igonin, Temur"]
[Black "Martirosyan, Haik M."]
[Result "1-0"]
[WhiteTitle "FM"]
[BlackTitle "FM"]
[WhiteElo "2274"]
[BlackElo "2389"]
[WhiteFideId "14203049"]
[BlackFideId "13306553"]
[EventDate "2015.01.31"]

1. e4 c5 2. Nf3 Nc6 3. d4 cxd4 4. Nxd4 Qb6 5. Nb3 Nf6 6. Nc3 e6 7. Be3 Qc7 8. a3
Be7 9. f4 d6 10. Qf3 a6 11. g4 b5 12. g5 Nd7 13. O-O-O Bb7 14. Qf2 b4 15. axb4
Nxb4 16. Kb1 O-O 17. Rg1 Rfc8 18. f5 exf5 19. exf5 Ne5 20. h4 a5 21. Bb6 Qb8 22.
Bxa5 Rxa5 23. Nxa5 Bf3 24. Rd4 Rxc3 25. Qe1 Bd8 26. Qxc3 Bxa5 27. Qb3 Qb6 28. c3
Nd5 29. Bc4 Ne3 30. Re1 N3xc4 31. Qxc4 h5 32. g6 Qd8 33. Rxe5 d5 34. Qc6 1-0

[Event "Moscow Open A 2015"]
[Site "Moscow RUS"]
[Date "2015.02.07"]
[Round "8.80"]
[White "Kalashnikov, Konstantin"]
[Black "Afanasiev, Nikita"]
[Result "1-0"]
[WhiteTitle "IM"]
[BlackTitle "FM"]
[WhiteElo "2380"]
[BlackElo "2264"]
[WhiteFideId "4136004"]
[BlackFideId "24183555"]
[EventDate "2015.01.31"]

1. d4 d6 2. e4 g6 3. Be3 Bg7 4. Nc3 a6 5. a4 b6 6. Qd2 Bb7 7. f3 e6 8. Nge2 Nd7
9. h4 h6 10. g4 Ne7 11. Rg1 c5 12. g5 hxg5 13. hxg5 d5 14. O-O-O c4 15. Kb1 Qc7
16. Nf4 Qc6 17. Bh3 O-O-O 18. exd5 exd5 19. Bf2 Kb8 20. Rde1 Bf8 21. Bg3 Ka8 22.
Re2 Nb8 23. Rge1 Nc8 24. Bg4 Bb4 25. Qe3 b5 26. Qe5 Nb6 27. axb5 axb5 28. Qg7
Bd6 29. Qxf7 b4 30. Nd1 Rhf8 31. Qxg6 Bxf4 32. Re6 Qc7 33. Bxf4 Qxf4 34. Rxb6
Qxd4 35. Rxb4 Nc6 36. Ra4+ Kb8 37. Nc3 Qc5 38. Qh7 Rfe8 39. Qh2+ 1-0

[Event "Moscow Open A 2015"]
[Site "Moscow RUS"]
[Date "2015.02.07"]
[Round "8.81"]
[White "Gorozhanin, Mikhail"]
[Black "Ovchinnikov, Vsevolod"]
[Result "1-0"]
[WhiteTitle "FM"]
[BlackTitle "FM"]
[WhiteElo "2370"]
[BlackElo "2249"]
[WhiteFideId "4178262"]
[BlackFideId "24176842"]
[EventDate "2015.01.31"]

1. d4 d5 2. Bf4 Nf6 3. c4 c6 4. e3 g6 5. Nc3 Bg7 6. Nf3 O-O 7. h3 c5 8. Be2 cxd4
9. Nxd4 dxc4 10. Bxc4 Qa5 11. Bh2 Nbd7 12. O-O Qc5 13. Qe2 e5 14. Nb3 Qe7 15.
Nd2 Nb6 16. Bb3 Bd7 17. a4 Bc6 18. a5 Nbd5 19. Nxd5 Bxd5 20. Bxd5 Nxd5 21. Qb5
Rfd8 22. Nc4 f6 23. Rad1 Nb4 24. f4 a6 25. Qa4 f5 26. fxe5 Nc6 27. e4 Rxd1 28.
Rxd1 Rf8 29. exf5 gxf5 30. Qb3 Kh8 31. Qc3 f4 32. Re1 Qg5 33. Kh1 Rg8 34. Nd6
Rf8 35. Nc4 Qh5 36. Qf3 Qh4 37. Re4 h6 38. Bxf4 Qe7 39. e6 Nd4 40. Qg4 Nf5 41.
Qh5 Qc5 42. Kh2 Qd5 43. Qe2 Re8 44. Qe1 Nd4 45. Be5 Bxe5+ 46. Nxe5 Rxe6 47. Nf7+
Kg7 48. Rxd4 Qxd4 49. Qxe6 Qf4+ 50. Kg1 Qc1+ 51. Kf2 Qf4+ 52. Ke2 Qxf7 53. Qxf7+
Kxf7 54. g4 1-0